Guess the 1960s song lyrics #43 - Statistics

General Stats
  • This quiz has been taken 11 times
  • The average score is 185 of 230
Answer Stats
Answer % Correct
And
100%
and
100%
as
100%
I
100%
in
100%
love
100%
me
100%
my
100%
of
100%
so
100%
then
100%
to
100%
When
100%
when
100%
with
100%
you
100%
your
100%
arms
89%
do
89%
go
89%
Hold
89%
hold
89%
If
89%
I'm
89%
is
89%
take
89%
that
89%
the
89%
we
89%
where
89%
be
78%
Be
78%
I'll
78%
Kiss
78%
kiss
78%
let
78%
Make
78%
make
78%
never
78%
Never
78%
They
78%
they
78%
this
78%
want
78%
What
78%
Will
78%
will
78%
you'll
78%
But
67%
Don't
67%
ever
67%
just
67%
know
67%
out
67%
say
67%
tell
67%
you've
67%
last
56%
mind
56%
told
56%
we'll
56%
drive
44%
miss
44%
Miss
44%
thinking
44%
until
44%
down
33%
find
33%
fooled
33%
new
33%
stood
33%
Thrill
33%
thrill
33%
Adieu
22%
dark
22%
Hiding
22%
lane
22%
lovers
22%
same
22%
sensible
22%
shadows
22%
slowly
22%
Walk
22%
No matching quizzes found
Score Distribution
Percent of People with Each Score
Percentile by Number Answered
Your Score History
You have not taken this quiz